000 00766nam a22002657a 4500
001 BINCO
003 CO-MdBIC
005 20220422163147.0
008 220422b2009 spaa|||| |||| 00| 0 spa d
020 _a9788498710670
040 _a CO-MdBIC
_bspa.
_cCO-MdBIC
041 _aspa
082 _222
_a863.64
_bC346
100 _aCastagnoli, Anna,
_t1971-
245 _aEl gran viaje
_c/Castagnoli, Anna, escritora
_f1971-
250 _aPrimera edición
260 1 _aGalicia, España:
_bOQO,
_c[2009]
260 4 _a© 2009
300 _a32 paginas;
_bilustraciones a color:
_c26 cm.
490 _aOQO
650 7 _9100
_aEducación infantil
700 _aGabriel Pacheco
_eilustrador
700 _aAnna Castagnoli / Marisa Núñez
_etraductores
942 _cLGB
999 _c67774
_d67774